| 000 | 01095cam a2200337 i 4500 | ||
|---|---|---|---|
| 001 | 1355425 | ||
| 003 | OSt | ||
| 005 | 20251126054824.0 | ||
| 008 | 801120t19811970mnua b 001 0 eng | ||
| 010 | _a 80027364 | ||
| 020 |
_a0816610266 (pbk.) : _c$8.95 |
||
| 020 | _a9780816610266 | ||
| 035 | _a1355425 | ||
| 040 |
_aDLC _cDLC _dDLC _dWaU _dDLC |
||
| 050 | 0 | 0 |
_aQL737.C22 _bM4 1981 |
| 082 | 0 | 0 |
_a599.74/442 _219 |
| 100 | 1 | _aMech, L. David. | |
| 245 | 1 | 4 |
_aThe wolf : _bthe ecology and behavior of an endangered species / _cby L. David Mech. |
| 250 | _a1st University of Minnesota Press ed. | ||
| 260 |
_aMinneapolis : _bUniversity of Minnesota Press, _c1981, c1970. |
||
| 300 |
_axxiii, 384 p. : _bill. ; _c23 cm. |
||
| 336 |
_atext _btxt _2rdacontent |
||
| 337 |
_aunmediated _bn _2rdamedia |
||
| 338 |
_avolume _bnc _2rdacarrier |
||
| 500 | _aIncludes indexes. | ||
| 504 | _aBibliography: p. [364]-374. | ||
| 650 | 0 | _aEastern wolf. | |
| 906 |
_a7 _bcbc _corignew _d1 _eocip _f19 _gy-gencatlg |
||
| 942 |
_2lcc _cBK |
||
| 999 |
_c265350 _d265349 |
||